Statistics for Name a Capital by First 3 Letters

Click here to take the quiz!

General Stats

  • This quiz has been taken 37 times
  • The average score is 15 of 17

Answer Stats

Capitals% Correct
AbuAbu Dhabi | Abuja
100%
BeiBeijing | Beirut
100%
BraBrasília | Bratislava | Brazzaville
97%
BanBandar Seri Begawan | Bangkok | Bangui | Banjul
94%
BerBerlin | Bern
94%
PraPrague | Praia
94%
KinKingston | Kingstown | Kinshasa
91%
SanSan José | San Marino | San Salvador | Sana'a | Santiago | Santo Domingo
91%
VieVienna | Vientiane
88%
BelBelgrade | Belmopan
85%
MonMonaco | Monrovia | Montevideo
85%
ParParamaribo | Paris
82%
BisBishkek | Bissau
79%
ManManagua | Manama | Manila
76%
MalMalabo | Malé
74%
PorPort-au-Prince | Port Louis | Port Moresby | Port-of-Spain | Port Vila | Porto-Novo
74%
SaiSaint George's | Saint John's
44%

Score Distribution

Percentile by Number Answered

Percent of People with Each Score

Your Score History

You have not taken this quiz